000 00612nam a22002177a 4500
005 20220707112046.0
008 220707b ||||| |||| 00| 0 eng d
020 _a184212451X
040 _cAL
041 _aEnglish
082 _223
_a297.8
_bLEWA
100 _aBernard Lewis
_947445
245 _aAssassins: A Radical Sect in Islam
260 _aLondon
_bPhoenix
_c2004
300 _ax,166 p.
_bPB
_c20x13 cm.
650 _aAssassins (Ismailites)
_947446
650 _aIslamic sects
_947447
650 _aTerrorism--Religious aspects--Islam
_947448
700 _aLEWIS (Bernard)
_947449
942 _2ddc
_cGF
999 _c223624
_d223624